On the Real Exchange Rate as a Measure of Australia's External Competitiveness

Salvato in:
Dettagli Bibliografici
Autore principale: Layton, Allan P.
Altri autori: MacLaren, Andrew J.
Natura: Libro
Lingua:inglese
Pubblicazione: Brisbane University of Queensland 1990
Edizione:1. ed.
Serie:Discussion Paper No.29
Tags: Aggiungi Tag
Nessun Tag, puoi essere il primo ad aggiungerne!!

MARC

LEADER 00000nam a2200000 4500
001 c025320
005 20221215114241.9
041 0 |a eng 
044 |a AU 
245 1 0 |a On the Real Exchange Rate as a Measure of Australia's External Competitiveness  |c Allan P. Layton, Andrew J. MacLaren 
250 |a 1. ed. 
264 1 |a Brisbane  |b University of Queensland  |c 1990 
300 |a 21 s. 
490 1 |a Discussion Paper  |v No.29 
830 0 |a Discussion Paper  |v No.29 
100 1 |a Layton, Allan P. 
700 1 |a MacLaren, Andrew J.